Quizzes
Events
Quiz Creation
Community
Videos
Private Events
Remove Ads
Sign In
Join for FREE
Feedback
Dark Mode
Quiz Categories
Sports
Geography
Music
Movies
Television
Just For Fun
Miscellaneous
History
Literature
Language
Science
Gaming
Entertainment
Religion
Holiday
For Kids
Quiz Lab
Recent
Popular Today
Quiz Kudos Today
Editor Picks
Curator Picks
Quizzes by...
Day
Popularity
Type
Ratings
Length
Year
Community
Subscriptions
Recent Discussions
Orange Saloon
Badges
Playlists
Quests
Create
Leaderboards
Showdown
Live 5
Trivia Bingo
Activity
Puzzle Library
Sporcle Events
Private Events
Virtual Trivia
Globe League
Become a Host
Pub Owners
SporcleCon
Opinionation
Our Games
Videos
Blog
Mobile Apps
Partnerships
Remove Ads and Go Orange
Feedback
Sports
Athletes
MLB
NBA
NHL
NFL
Soccer
Sports Teams
WWE
NCAA
Football
Premier League
Basketball
Baseball
Hockey
Golf
Tennis
Cricket
Rugby
Auto Racing
Olympics
World Cup
Sports
Athletes
MLB
NBA
NHL
NFL
Soccer
Sports Teams
WWE
NCAA
Football
Premier League
Basketball
Baseball
Hockey
Golf
Tennis
Cricket
Rugby
Auto Racing
Olympics
World Cup
Random Quiz
Search Sporcle
×
Quiz Lab
Quiz Lab
Sports
Player
Type in answers that appear in a list
Type in answers that appear in a list
Classic
Best Score? Go Orange.
Boston Bruins Goal Scorers of the 1990s Stats
Can you name the players who scored goals for the Boston Bruins from 1990-91 to 1999-2000?
By
MattA75
15m
127 Questions
243 Plays
243 Plays
243 Plays
Comments
Comments
Give Quiz Kudos
Give Quiz Kudos
-
- Ratings
hide this ad
More Info
Replay
Link that replays current quiz
Next Quiz
Link to next quiz in quiz playlist
You Got
0%
They Got
Avg Score
26%
Avg Friend Score
Upgrade to see
Score Distribution
Jump to the score distribution portion of the page
Score
0/127
Timer
15:00
0
Plays Today
Goals Scored
% Correct
153
Ray Bourque
97.9%
127
Cam Neely
97.9%
109
Adam Oates
91.4%
42
Joe Thornton
84.8%
37
Don Sweeney
79%
19
Bob Sweeney
78.2%
18
Tim Sweeney
77.8%
59
Sergei Samsonov
75.3%
28
Glen Murray
74.9%
57
Jason Allison
67.9%
34
Craig Janney
67.9%
44
Joe Juneau
67.5%
39
Glen Wesley
67.5%
58
Anson Carter
60.5%
4
John Carter
59.7%
107
Ted Donato
56%
24
P.J. Axelsson
53.9%
47
Jozef Stumpel
51.4%
9
Kevin Stevens
51.4%
50
Vladimir Ruzicka
50.2%
106
Steve Heinze
49.8%
2
Brandon Smith
48.1%
25
Rick Tocchet
47.3%
27
Dave Poulin
45.7%
3
Al Iafrate
43.6%
34
Dmitri Kvartalnov
42%
13
Randy Burridge
41.2%
5
Brian Rolston
41.2%
50
Dmitri Khristich
38.3%
8
Hal Gill
38.3%
28
Kyle McLaren
37.4%
39
Bryan Smolinski
37%
3
Lyndon Byers
37%
30
Ken Hodge Jr.
36.6%
3
Barry Pederson
36.6%
68
Stephen Leach
36.2%
27
Bobby Carpenter
34.2%
27
Dave Christian
33.7%
55
Dave Reid
32.1%
14
Dave Andreychuk
32.1%
8
Garry Galley
30%
3
Mike Knuble
30%
23
Shawn McEachern
29.6%
Goals Scored
% Correct
10
Chris Nilan
29.2%
8
Gord Murphy
28.4%
7
Joe Murphy
28%
10
Landon Wilson
27.2%
3
Bob Beers
26.7%
22
Tim Taylor
26.3%
3
Chris Taylor
25.9%
11
Andy Brickley
25.5%
34
Rob Dimaio
25.1%
5
Stephane Quintal
24.3%
18
Mariusz Czerkawski
23.9%
6
Gordie Roberts
22.6%
8
Joe Mullen
22.2%
3
Cam Stewart
21.4%
7
Mats Naslund
20.2%
2
Marty McSorley
19.3%
1
Ken Baumgartner
19.3%
8
Wes Walz
18.1%
5
Ron Sutter
17.7%
24
Brent Hughes
17.3%
7
Glen Featherstone
17.3%
19
Peter Douris
16.9%
8
Jeff Lazaro
16.9%
3
Dave Ellett
16.9%
14
David Shaw
16.5%
12
Cameron Mann
16%
6
Nevin Markwart
15.2%
6
Petri Skriko
15.2%
3
C.J. Young
15.2%
8
Sheldon Kennedy
14.8%
7
Jeff Odgers
14.8%
3
Ken Belanger
14.8%
2
Sergei Zholtok
14.8%
16
Brent Ashton
14.4%
3
Alexei Kasatonov
14.4%
7
Grigori Panteleev
14%
5
Peter Ferraro
14%
5
Mike Sullivan
13.2%
6
Jon Rohloff
12.3%
3
Trent McCleary
12.3%
1
Stephane Richer
12.3%
25
Sandy Moger
11.9%
5
Jim Wiemer
11.9%
Goals Scored
% Correct
4
Rick Zombo
11.9%
9
Jean Yves Roy
11.1%
2
John Byce
11.1%
15
Todd Elik
10.7%
3
Paul Stanton
10.7%
6
Fred Knipscheer
10.3%
1
Darren Banks
10.3%
8
Andre Savage
9.9%
1
Jonathan Girard
9.9%
6
Mikko Eloranta
9.5%
6
Troy Mallette
9.5%
2
Allen Pedersen
9.5%
11
Shawn Bates
9.1%
5
Grant Ledyard
9.1%
1
Mikko Makela
8.6%
2
Dean Chynoweth
7.8%
1
Andrew McKim
7.8%
7
Daniel Marois
7.4%
2
Clayton Beddoes
7.4%
7
Darin Kimble
7%
6
Antti Laaksonen
7%
5
Scott Arniel
6.2%
2
Mattias Timander
6.2%
2
Jarmo Kekalainen
6.2%
2
Graeme Townshend
6.2%
1
Jay Henderson
6.2%
1
Chris Winnes
5.8%
1
Ralph Barahona
5.3%
4
Ron Hoover
4.5%
2
Joe Hulbig
4.5%
1
Dean Malkoc
4.5%
1
Brian Dobbin
4.5%
11
Darren Van Impe
4.1%
5
Barry Richter
4.1%
2
Lou Crawford
4.1%
1
Daniel Lacroix
4.1%
1
Ken Hammond
4.1%
4
Brett Harkins
3.3%
3
Steve Staios
3.3%
5
Eric Nickulas
2.9%
1
Yevgeny Shaldybin
1.6%
Quiz Playlist
Details
Report
Send in Message
Add To Playlist
More Info:
Name all of the players who scored a regular season goal for the Boston Bruins from the 1990-91 season thru the 1999-2000 season
Classic:
Type in answers that appear in a list
Quiz Source
Last Updated: Feb 16, 2017
Quiz Scoreboard
CHALLENGE
Sign Up to Join the Scoreboard
Show All
Scores
Hide
Comments
May contain spoilers
Recently Published
NBA Finals Game Top Scorers (2010s)
by flibbidy
Sports
5m
Guess the 'R' Things in 3 Words
by MSUKent
Miscellaneous
3m
Actor to Badly Drawn Movie III
by MoMosMoProblems
Movies
5m
More to Explore
Quiz From the Vault
Featured Blog Post
Where Does Lost Luggage Go?
hide this ad
You Might Also Like...
Tags
1990
1990s
Boston
Boston Bruins
goal
last
Player
score
Scorer
Today's Top Quizzes in Sports
Browse Sports
hide this ad
Today's Top Quizzes in Player
Browse Player
Top Contributed Quizzes in Sports
1
Les joueurs à 100 buts en Ligue 1 Uber Eats
2
2022 World Cup Stars
3
2024 March Madness Bracket
4
Millionaire: NBA Finals Edition
5
Players with Multiple 50 Home Run Seasons
6
Criteria MLB: Left Handed Sluggers
7
Nickname Match: Athletes VI
8
Iconic Moments in Football - Multiple Choice
9
NFL MVPs ordered
10
NBA Championships Per City
Explore More
Trending Topics
Kpop
Anime
Disney
NBA
Crossword
Harry Potter
Marvel
Soccer
Country
NFL
WWE
Pokémon
The Office
Song
Puzzle
hide this ad
More By:
MattA75
Quiz
Plays
Rating
Category
Featured
Created
Top 5 All Time NHL Team Goal Scorers
8,321
4.34
Sports
Oct 17, 2009
Pearl Jam Grab Bag
2,897
3.85
Music
Oct 19, 2009
Needles in the Rock Hall Haystack (Clickable)
1,881
3.27
Music
May 26, 2012
Rolling Stone's 100 Greatest Heavy Metal Albums
1,850
3.44
Music
Jun 21, 2017
Calder, Hart & Stanley
1,793
5.00
Sports
Jul 1, 2020
Go to Creator's Profile
Score Distribution
Quiz Creator Spotlight
MattA75
Follow
Send a Message
Quizzes Created
-
Created Quiz Play Count
-
More By This Creator
Popular Quizzes Today
1
Find the US States - No Outlines Minefield
2
Find the US States
3
The Countries of the World
4
10 Largest US States in Order
5
Find the Countries of Europe - No Outlines Minefield
6
US States
7
Guess the 'R' Things in 3 Words
8
NBA Finals Game Top Scorers (2010s)
More Sports Quizzes
Qatar World Cup 2022: Groups
Quiz Lab
Trending Quizzes
First Name TV: Leading Men
Match the Book to the Film II
First Name TV: Leading Women Drama
Pick A Pair: Religious TV
Match the Book to the Film VI
Recently Updated
Women's Final Four Teams by Year
bhenderson79
Presidents Quartet II
eogle
Anything But Clue(do)
eogle
Anything But Oceanian Capitals
eogle
Anything But 7
eogle
Anything But Thing
eogle
Word Ladder: February 29
pecheneg
Song Title Questions
pecheneg
Women's NCAA Tournament #1 Seeds
pecheneg
Celebrity Mug Shots
pecheneg
Trending Topics
Crossword
Disney
Harry Potter
Marvel
Kpop
Anime
NBA
Song
WWE
The Office
Pokémon
Puzzle
NFL
Country
Soccer
Your Account Isn't Verified!
In order to create a playlist on Sporcle, you need to verify the email address you used during registration. Go to your
Sporcle Settings
to finish the process.
Report this User
Report this user for behavior that violates our
Community Guidelines
.
Details:
Send Report
Go to the Sporcle.com Mobile Site →
Comments